[Event "TUR Cup"]
[Site "Antalya"]
[Date "2020.02.02"]
[Round "11"]
[White "Mangal, Ali"]
[Black "Mercanli, Abdullah Gokturk"]
[Result "0-1"]
[WhiteElo "1702"]
[BlackElo "1474"]
[PlyCount "98"]
[EventDate "2020.01.26"]
[EventType "swiss"]
[EventRounds "11"]
[EventCountry "TUR"]
[SourceTitle "CBM 194 Extra"]
[Source "ChessBase"]
[SourceDate "2020.03.31"]
[SourceVersion "1"]
[SourceVersionDate "2020.03.31"]
[SourceQuality "1"]

1. e4 c5 2. Nf3 Nc6 3. d4 cxd4 4. Nxd4 d6 5. Bb5 Bd7 6. Nc3 a6 7. Ba4 Nf6 8. a3 g6 9. 0-0 Bg7 10. Be3 0-0 11. f3 Rc8 12. Qd2 Re8 13. Rad1 Ne5 14. Bxd7 Qxd7 15. Qf2 Nc4 16. Bc1 Qc7 17. Nd5 Nxd5 18. exd5 Nb6 19. Nb3 Nc4 20. c3 a5 21. Kh1 a4 22. Na1 Nxa3 23. bxa3 Qxc3 24. Be3 Qxa3 25. Bd4 b5 26. Bxg7 Kxg7 27. Nc2 Qb3 28. Qd4+ f6 29. Ne3 Qc3 30. Qe4 a3 31. Rf2 Rc5 32. Rd3 a2 33. Rxc3 a1Q+ 34. Rf1 Qxc3 35. f4 b4 36. h4 h5 37. Rf3 Qe1+ 38. Rf1 Qxh4+ 39. Kg1 b3 40. Qb4 Qg3 41. Qxb3 h4 42. Kh1 Kf7 43. Qd3 h3 44. Qe4 hxg2+ 45. Nxg2 Rh8+ 46. Kg1 Rh2 47. f5 Rxg2+ 48. Qxg2 Rxd5 49. fxg6+ Kxg6 0-1

[Event "TUR-chT2"]
[Site "Konya"]
[Date "2018.07.13"]
[Round "6.29"]
[White "Akgun, Yusuf"]
[Black "Mangal, Ali"]
[Result "0-1"]
[WhiteElo "1611"]
[BlackElo "1766"]
[PlyCount "36"]
[EventDate "2018.07.10"]
[EventType "team-swiss"]
[EventRounds "9"]
[EventCountry "TUR"]
[SourceTitle "EXT 2019"]
[Source "ChessBase"]
[SourceDate "2018.10.10"]
[SourceVersion "1"]
[SourceVersionDate "2018.10.10"]
[SourceQuality "1"]
[WhiteTeam "Erzurum Egitim Merkezi"]
[BlackTeam "Siirt Genclik"]
[WhiteTeamCountry "TUR"]
[BlackTeamCountry "TUR"]

1. c4 Nf6 2. d4 g6 3. Nc3 Bg7 4. e4 d6 5. Nf3 0-0 6. Be2 Nbd7 7. 0-0 e5 8. d5 Nc5 9. Bg5 h6 10. Bh4 g5 11. Bg3 Nfxe4 12. Nxe4 Nxe4 13. b4 Nc3 14. Qc2 Nxe2+ 15. Qxe2 f5 16. Nxe5 dxe5 17. Bxe5 Re8 18. Bxc7 Rxe2 0-1

[Event "TUR Cup										"]
[Site "Antalya"]
[Date "2018.01.28"]
[Round "3"]
[White "Mangal, Ali"]
[Black "Durak, Behzat"]
[Result "1-0"]
[WhiteElo "1763"]
[BlackElo "1594"]
[PlyCount "85"]
[EventDate "2018.01.27"]
[EventType "swiss"]
[EventRounds "11"]
[EventCountry "TUR"]
[SourceTitle "CBM 182 Extra"]
[Source "ChessBase"]
[SourceDate "2018.02.23"]
[SourceVersion "1"]
[SourceVersionDate "2018.02.23"]
[SourceQuality "1"]

1. d4 Nf6 2. Nf3 c6 3. c4 d5 4. Nc3 Bf5 5. Bg5 e6 6. e3 Be7 7. h3 Nbd7 8. Rc1 h6 9. Bf4 g5 10. Bh2 g4 11. hxg4 Bxg4 12. Be2 Bf5 13. a3 Ng4 14. Bg3 Ndf6 15. Nh4 h5 16. Nxf5 exf5 17. cxd5 Nxd5 18. Nxd5 Qxd5 19. Bf3 Qa5+ 20. Kf1 h4 21. Bxg4 fxg4 22. Qxg4 Qb5+ 23. Qe2 Qd5 24. f3 0-0-0 25. Bf4 f5 26. Qc4 Qd7 27. b4 a6 28. a4 Qd5 29. b5 axb5 30. axb5 Qxc4+ 31. Rxc4 Kd7 32. bxc6+ bxc6 33. Kf2 Ra8 34. Rc2 Ra6 35. Rb1 Rha8 36. Rb7+ Ke6 37. Rc7 Bd6 38. R7xc6 Rxc6 39. Rxc6 Rd8 40. e4 fxe4 41. fxe4 Ke7 42. Bg5+ Kd7 43. Rxd6+ 1-0

[Event "TUR Cup										"]
[Site "Antalya"]
[Date "2018.01.28"]
[Round "2"]
[White "Tarlabasi, Emirhan"]
[Black "Mangal, Ali"]
[Result "1-0"]
[WhiteElo "2060"]
[BlackElo "1763"]
[PlyCount "81"]
[EventDate "2018.01.27"]
[EventType "swiss"]
[EventRounds "11"]
[EventCountry "TUR"]
[SourceTitle "CBM 182 Extra"]
[Source "ChessBase"]
[SourceDate "2018.02.23"]
[SourceVersion "1"]
[SourceVersionDate "2018.02.23"]
[SourceQuality "1"]

1. d4 Nf6 2. c4 e6 3. Nf3 d5 4. Nc3 Be7 5. Bg5 0-0 6. cxd5 Nxd5 7. Bxe7 Qxe7 8. e4 Nf6 9. Bd3 b6 10. 0-0 Bb7 11. Qe2 Nbd7 12. Ba6 Bxa6 13. Qxa6 c5 14. d5 exd5 15. exd5 Ne5 16. Nxe5 Qxe5 17. Rfe1 Qd6 18. Rad1 Ng4 19. g3 Qh6 20. h4 Qd6 21. Ne4 Qd7 22. Qd3 h6 23. Re2 f5 24. Nc3 f4 25. d6 fxg3 26. fxg3 Rae8 27. Re7 Rxe7 28. dxe7 Qxe7 29. Qc4+ Qf7 30. Qxg4 Qf2+ 31. Kh1 Qxb2 32. Ne2 Qxa2 33. Nf4 Re8 34. Qf3 Qa4 35. Qd5+ Kh7 36. Kh2 a5 37. Qf5+ Kg8 38. Rd7 Qc4 39. Qg6 Re2+ 40. Kh3 Qc3 41. Rd8+ 1-0

[Event "Manavgat Turkey Cup"]
[Site "Manavgat"]
[Date "2016.02.04"]
[Round "9"]
[White "Atas, Remzi"]
[Black "Mangal, Ali"]
[Result "0-1"]
[WhiteElo "1498"]
[BlackElo "1718"]
[PlyCount "130"]
[EventDate "2016.01.30"]
[EventType "swiss"]
[EventRounds "11"]
[EventCountry "TUR"]
[SourceTitle "CBM 170 Extra"]
[Source "ChessBase"]
[SourceDate "2016.02.25"]
[SourceVersion "1"]
[SourceVersionDate "2016.02.25"]
[SourceQuality "1"]

1. Nf3 Nf6 2. g3 e6 3. Bg2 d5 4. d3 Be7 5. 0-0 0-0 6. Nbd2 Nbd7 7. e4 dxe4 8. dxe4 c6 9. Qe2 Qc7 10. Re1 b6 11. c4 e5 12. Nh4 g6 13. Nf1 Nc5 14. b4 Ne6 15. a3 Ba6 16. Bb2 Rad8 17. Rad1 Nd4 18. Bxd4 Rxd4 19. Rxd4 exd4 20. Qd3 Rd8 21. Nf3 c5 22. b5 Bb7 23. e5 Nh5 24. h4 Ng7 25. N1h2 Ra8 26. Ng4 a6 27. a4 axb5 28. axb5 Qd8 29. Nh6+ Kf8 30. Nh2 Bxg2 31. Kxg2 Ra7 32. Qf3 Qa8 33. Re4 Bd8 34. N2g4 Qb7 35. Kh2 Ra4 36. Nxf7 Qxf7 37. Rf4 Nf5 38. Nh6 Qe6 39. Nxf5 gxf5 40. Rxf5+ Kg7 41. Qg4+ Qg6 42. Qe4 Ra2 43. Qf3 h5 44. Rxh5 Rxf2+ 45. Qxf2 Qxh5 46. e6 d3 47. Kh3 Qg6 48. Qe3 Be7 49. g4 Qf6 50. g5 Qf1+ 51. Kg4 Qe2+ 52. Kf4 Qh2+ 53. Ke4 d2 54. Qc3+ Kg8 55. Qf3 Qxh4+ 56. Kd5 Qd4+ 57. Kc6 Qd6+ 58. Kb7 Qxe6 59. g6 Qd7+ 60. Ka6 Bf8 61. Qd1 Qd6 62. Qa4 Qd7 63. Qd1 Bh6 64. Kxb6 Qe6+ 65. Ka5 Qe1 0-1

[Event "Manavgat Turkey Cup"]
[Site "Manavgat"]
[Date "2015.02.05"]
[Round "9"]
[White "Erdeveciler, Cem"]
[Black "Mangal, Ali"]
[Result "0-1"]
[WhiteElo "1539"]
[BlackElo "1620"]
[PlyCount "40"]
[EventDate "2015.01.31"]
[EventType "swiss"]
[EventRounds "11"]
[EventCountry "TUR"]
[SourceTitle "CBM 164 Extra"]
[Source "ChessBase"]
[SourceDate "2015.03.02"]
[SourceVersion "1"]
[SourceVersionDate "2015.03.02"]
[SourceQuality "1"]

1. c4 e6 2. Nc3 Nf6 3. Nf3 b6 4. e3 Bb7 5. d4 d5 6. Ne5 Be7 7. a3 0-0 8. b4 a5 9. b5 Nbd7 10. cxd5 exd5 11. Nxd7 Nxd7 12. Be2 Bd6 13. Bf3 Nf6 14. Qb3 Rc8 15. Nxd5 Bxd5 16. Bxd5 Nxd5 17. Qxd5 Bb4+ 18. Ke2 Qxd5 19. axb4 Qxb5+ 20. Kf3 Rcd8 0-1

[Event "Manavgat Turkey Cup"]
[Site "Manavgat"]
[Date "2015.02.04"]
[Round "7"]
[White "Sahin, Huseyin"]
[Black "Mangal, Ali"]
[Result "1-0"]
[WhiteElo "1835"]
[BlackElo "1620"]
[PlyCount "45"]
[EventDate "2015.01.31"]
[EventType "swiss"]
[EventRounds "11"]
[EventCountry "TUR"]
[SourceTitle "CBM 164 Extra"]
[Source "ChessBase"]
[SourceDate "2015.03.02"]
[SourceVersion "1"]
[SourceVersionDate "2015.03.02"]
[SourceQuality "1"]

1. e4 e5 2. Nf3 Nc6 3. d4 exd4 4. Nxd4 Bc5 5. Be3 Bxd4 6. Bxd4 Nxd4 7. Qxd4 Nf6 8. e5 Qe7 9. Be2 Ng8 10. Nc3 Nh6 11. Nd5 Qd8 12. Qe4 c6 13. Nc3 0-0 14. Bd3 g6 15. Qf4 Kg7 16. 0-0-0 f6 17. Ne4 Ng8 18. Rhe1 Qa5 19. exf6+ Nxf6 20. Nxf6 Qc5 21. Ne8+ Kg8 22. Qh6 Qd4 23. Bc4+ 1-0

[Event "Manavgat Turkey Cup"]
[Site "Manavgat"]
[Date "2015.02.01"]
[Round "2"]
[White "Mangal, Ali"]
[Black "Tasdogen, Tansel"]
[Result "1-0"]
[WhiteElo "1620"]
[BlackElo "1440"]
[PlyCount "93"]
[EventDate "2015.01.31"]
[EventType "swiss"]
[EventRounds "11"]
[EventCountry "TUR"]
[SourceTitle "CBM 164 Extra"]
[Source "ChessBase"]
[SourceDate "2015.03.02"]
[SourceVersion "1"]
[SourceVersionDate "2015.03.02"]
[SourceQuality "1"]

1. d4 e6 2. Nf3 Nf6 3. c4 d5 4. Nc3 Be7 5. Bg5 Nbd7 6. e3 0-0 7. Rc1 b6 8. Bd3 dxc4 9. Bxc4 Bb7 10. 0-0 h6 11. Bh4 Rc8 12. Qe2 a5 13. e4 c5 14. d5 exd5 15. exd5 Bd6 16. Ne4 Re8 17. Nxf6+ Nxf6 18. Qd3 Bb8 19. Rfe1 Qd6 20. Bg3 Qd7 21. Bxb8 Rxb8 22. Rxe8+ Nxe8 23. a3 Nd6 24. Ba2 Re8 25. Bb1 Ne4 26. Re1 Qxd5 27. Qxd5 Bxd5 28. Bxe4 Rxe4 29. Rxe4 Bxe4 30. Ne5 b5 31. f3 Bd5 32. Kf2 f6 33. Nd7 c4 34. Ke3 Kf7 35. Kd4 Bc6 36. Nb6 Ke6 37. Kc5 Be8 38. Nd5 Kd7 39. Nc3 b4 40. axb4 axb4 41. Kxb4 Bf7 42. Kc5 f5 43. Nd1 f4 44. Nc3 g5 45. Ne4 Be6 46. h3 Bg8 47. Nf6+ 1-0